| 000 | 00841cab a2200229 4500 | ||
|---|---|---|---|
| 001 | WB3240-40 | ||
| 008 | 090401t1996 xxu||||| |||| 00| 0 eng d | ||
| 035 | _a(Sirsi) u34056 | ||
| 041 | _aeng | ||
| 245 | _aInsurance - mortgage | ||
| 260 | _c1996 | ||
| 350 | _a0 | ||
| 490 |
_aEstates Gazette Case Summaries _v[1996] EGCS 150 (1) (19/10/96) |
||
| 520 | _a"Sumitomo Bank Ltd v Banque Bruxelles Lambert SA and related actions" QBD 2 October 1996. B, appointed agent in two mortgage loan agreements, is liable to make good a lender`s loss arising from a defaulting borrower. | ||
| 650 | _aMORTGAGE INDEMNITY GUARANTEES | ||
| 650 | _aMORTGAGE LENDERS | ||
| 650 | _aSUMITOMO BANK LTD V BANQUE BRUXELLES LAMBERT SA AND RELATED ACTIONS | ||
| 650 | _aUNDERWRITING | ||
| 690 | _aINSURANCE-CASE LAW | ||
| 942 | _n0 | ||
| 948 | _c04/03/1997 | ||
| 999 |
_c22610 _d22610 |
||